000 01193nam a2200325 4500
001 0000014299
003 CO-CtgCURN
005 20250429224120.0
007 ta
008 160627s2008 000 0 eng d
020 _a9788478276738
040 _aCO-CtgCURN
_bspa
_ccoctgcurn
082 0 _a370.115
_bP34
245 0 0 _aPedagogia critica. De que hablamos, donde estamos /
_cPeter McLaren, Joe L. Kincheloe , traductor, Miguel Serrano Larraz.
250 _a1a ed.
260 _aBarcelona :
_bGrao,
_c2008.
300 _a543 p.
336 _2rdacontent
337 _2rdamedia
_asin mediacion
_bn
338 _2rdacarrier
_avolumen
_bnc
490 1 _aCritica y fundamentos ;
_vN.23
490 1 _aCritica y fundamentos
504 _aIncluye bibliografia (p.529-532)
505 8 _aLa pedagogia critica en el siglo XXI: Evolucionar para sobrevivir.--La religion como critica socioeducativa: Un ejemplo weberiano.--La pedagogia critica y los mundos de los niños y niñas
650 1 4 _aPedagogia critica.
700 1 _aMcLaren, Peter,
_eEditor.
908 _a160627
942 _cBK
_h370.115
_iP34
_2ddc
999 _c39415
_d39415